Pei Kadhaigal / (Record no. 168272)

MARC details
000 -LEADER
fixed length control field 00645nam a22002297i 4500
005 - DATE AND TIME OF LATEST TRANSACTION
control field 20180821085458.0
007 - PHYSICAL DESCRIPTION FIXED FIELD--GENERAL INFORMATION
fixed length control field ta
008 - FIXED-LENGTH DATA ELEMENTS--GENERAL INFORMATION
fixed length control field 180711s2016 ii a|||j |||| 00| 0 tam d
020 ## - INTERNATIONAL STANDARD BOOK NUMBER
Terms of availability RM 17.64
Qualifying information paperback
040 ## - CATALOGING SOURCE
Original cataloging agency PPAK
Language of cataloging eng
Transcribing agency PPAK
Description conventions rda
082 ## - DEWEY DECIMAL CLASSIFICATION NUMBER
Edition number 23
Classification number 894.811301
090 ## - LOCALLY ASSIGNED LC-TYPE CALL NUMBER (OCLC); LOCAL CALL NUMBER (RLIN)
Classification number (OCLC) (R) ; Classification number, CALL (RLIN) (NR) 894.811301
Feature heading SOD
Feature heading K
100 ## - MAIN ENTRY--PERSONAL NAME
Personal name Sodhi A,
Relator term author
245 ## - TITLE STATEMENT
Title Pei Kadhaigal /
Statement of responsibility, etc. Sodhi A
264 ## - PRODUCTION, PUBLICATION, DISTRIBUTION, MANUFACTURE, AND COPYRIGHT NOTICE
Place of production, publication, distribution, manufacture Chennai, India :
Name of producer, publisher, distributor, manufacturer Nanmoli Padhipakkam,
Date of production, publication, distribution, manufacture, or copyright notice 2016
300 ## - PHYSICAL DESCRIPTION
Extent 124 pages :
Other physical details illustrations ;
Dimensions 22 cm
336 ## - CONTENT TYPE
Source rdacontent
Content type term text
337 ## - MEDIA TYPE
Source rdamedia
Media type term unmediated
338 ## - CARRIER TYPE
Source rdacarrier
Carrier type term volume
650 ## - SUBJECT ADDED ENTRY--TOPICAL TERM
Topical term or geographic name entry element Short stories, Tamil
942 ## - ADDED ENTRY ELEMENTS (KOHA)
Source of classification or shelving scheme Dewey Decimal Classification
Koha item type Book
Holdings
Withdrawn Not for loan Current library Shelving location Date acquired Total Checkouts Full call number Barcode Date last seen Date last checked out Koha item type Checked out
    Perpustakaan Alor Setar Pinjaman Kanak-kanak 11/07/2018 1 K 894.811301 SOD A01566890 29/09/2018 26/09/2018 Book  
    Perpustakaan Kulim Pinjaman Kanak-kanak 11/07/2018 13 K 894.811301 SOD A01566891 09/06/2026 09/06/2026 Book 30/06/2026